MARC

LEADER 00000nam0a2200000 4500
001 334373
005 20231102004640.0
035 |a (RuTPU)RU\TPU\book\360485 
090 |a 334373 
100 |a 20170728d1964 km y0rusy50 ca 
101 0 |a rus 
102 |a RU 
105 |a a l 000zy 
200 1 |a Цветные металлы и сплавы  |e сборник  |h Часть 1. Методы испытаний  |f СССР, Комитет стандартов, мер и измерительных приборов (Госстандарт) 
205 |a издание официальное 
210 |a Москва  |c Изд-во стандартов  |d 1964 
215 |a 459 с.  |c ил. 
606 1 |a Цветная металлургия  |2 stltpush  |3 (RuTPU)RU\TPU\subj\17753  |9 43323 
610 1 |a алюминий первичный 
610 1 |a баббиты кальцевые 
610 1 |a баббиты оловянные 
610 1 |a бронзы безоловянные 
610 1 |a бронзы оловянные 
610 1 |a золото 
610 1 |a золотые сплавы 
610 1 |a кадмий 
610 1 |a кобальт 
610 1 |a кремний кристаллический 
610 1 |a латунь 
610 1 |a литий 
610 1 |a магний 
610 1 |a медь 
610 1 |a медь черновая 
610 1 |a никель 
610 1 |a стандарты 
675 |a 669.2  |v 4 
712 0 1 |a СССР  |b Комитет стандартов, мер и измерительных приборов (Госстандарт)  |c (1965-1970)  |2 stltpush  |3 (RuTPU)RU\TPU\col\14969 
801 1 |a RU  |b 63413507  |c 20170728 
801 2 |a RU  |b 63413507  |c 20201118  |g RCR 
942 |c BK